[Event "Regionalliga SW 9596"]
[Site "Bayern"]
[Date "1995.??.??"]
[Round "?"]
[White "Grzegorezyk, Josef"]
[Black "Wiechmann, Gernot"]
[Result "1/2-1/2"]
[WhiteElo "1830"]
[BlackElo "1925"]
[PlyCount "21"]
[EventDate "1995.10.??"]
[EventType "team-tourn"]
[EventRounds "9"]
[EventCountry "GER"]
[SourceTitle "EXT 1999"]
[Source "ChessBase"]
[SourceDate "1998.11.16"]
[SourceVersion "1"]
[SourceVersionDate "1998.11.16"]
[SourceQuality "1"]
[WhiteTeam "Tuerkheim"]
[BlackTeam "Sonthofen"]
[WhiteTeamCountry "GER"]
[BlackTeamCountry "GER"]

1. Nf3 Nf6 2. d4 d5 3. g3 e6 4. Bg2 Be7 5. 0-0 Nbd7 6. b3 0-0 7. Bb2 Ne4 8. Nfd2 f5 9. f3 Nef6 10. e4 fxe4 11. fxe4 1/2-1/2